Piłkarska kariera Pepe Reiny. - Statystyki

Ogólne statystyki
  • Ten quiz został rozwiązany 66 razy
  • Średni wynik to 7 z 12
Statystyki odpowiedzi
Lata Drużyna % Poprawnych
2005-2013 Liverpool
80%
2014-2014 Liverpool
80%
2013-2014 Napoli
80%
2015-2018 Napoli
80%
2018-2020 Milan
65%
2020-2020 Milan
65%
2000-2002 Barcelona
61%
2020-teraz Lazio
52%
2014-2015 Bayern
41%
2002-2005 Villarreal
31%
2020-2020 Aston Villa
30%
1999-2000 Barcelona B
30%
Nie znaleziono quizów pasujących do podanych kryteriów
Rozkład punktacji
Procent ludzi z każdym wynikiem
Percentyl według liczby udzielonych odpowiedzi
Twoja historia wyników
Nie rozwiązałeś tego quizu